Man the hunter
Αποθηκεύτηκε σε:
| Άλλοι συγγραφείς: | , , |
|---|---|
| Μορφή: | Βιβλίο |
| Γλώσσα: | English |
| Δημοσίευση: |
New York :
Aldine,
1968
|
| Θέματα: | |
| Ετικέτες: |
Προσθήκη ετικέτας
Δεν υπάρχουν, Καταχωρήστε ετικέτα πρώτοι!
|
MARC
| LEADER | 00000cam a2200000 i 4500 | ||
|---|---|---|---|
| 001 | 1/80348 | ||
| 008 | 970128s1968 eng d | ||
| 035 | |l 10005033 | ||
| 040 | |a GR-MY-UA |b gre |e aacr | ||
| 041 | 0 | |a eng | |
| 082 | 0 | |a 306 | |
| 245 | 1 | 0 | |a Man the hunter / |c Edited by Richard B. Lee and Irven DeVore ; With the assistance of Jill Nash-Mitchell |
| 260 | |a New York : |b Aldine, |c 1968 | ||
| 300 | |a 415 p. | ||
| 504 | |a Includes bibliographical references and index | ||
| 650 | 0 | 0 | |a Hunting and gathering societies. |
| 650 | 0 | 0 | |a Primitive societies. |
| 700 | 1 | |a Lee, Richard. |4 edt | |
| 700 | 1 | |a DeVore, Irven. |4 edt | |
| 700 | 1 | |a Nash-Mitchell, Jill. |4 edt | |
| 852 | |a INST |b LESVOS |e 19970128 |h 306 MAN |p 005100012123 |q 005100012123 |t BK |y 0 | ||
| 852 | |a INST |b LESVOS |e 19970128 |h 306 MAN |p 005100012124 |q 005100012124 |t BK |y 0 | ||
| 909 | |a Λ |b 006737 | ||